Age of Consent - New Order (All Lyrics) - Statistics

General Stats
  • This quiz has been taken 12 times
  • The average score is 184 of 203
Answer Stats
Answer % Correct
a
100%
About
100%
ago
100%
And
100%
and
100%
bees
100%
birds
100%
day
100%
days
100%
do
100%
Do
100%
few
100%
I
100%
I'm
100%
it
100%
I've
100%
Just
100%
kind
100%
know
100%
like
100%
me
100%
message
100%
needs
100%
not
100%
said
100%
tell
100%
that
100%
the
100%
to
100%
want
100%
what
100%
you
100%
you,
100%
your
100%
You're
100%
actually
75%
all
75%
Crucial
75%
every
75%
find
75%
go?
75%
happens
75%
heard
75%
likes
75%
lost
75%
might
75%
now
75%
one
75%
point
75%
regret
75%
saw
75%
this
75%
thought
75%
time?
75%
understood
75%
word
75%
crime
50%
full
50%
going
50%
hurt
50%
in
50%
inside,
50%
let
50%
lie
50%
morning
50%
oh
50%
please
50%
received
50%
so
50%
These
50%
they
50%
Won't
50%
words
50%
becomes
25%
No matching quizzes found
Score Distribution
Percent of People with Each Score
Percentile by Number Answered
Your Score History
You have not taken this quiz